00808nam a22001577a 4500003000900000005001700009008004100026040001300067100001800080245006700098250000600165260002000171300001800191490002400209520041700233IT-RoPau20220918175939.0130128b xxu||||| |||| 00| 0 eng d cIT-RoPau aMerlo , Tecla aUn cuor solo un'anima solabConferenze - meditazioni 1954-1963 aI aRomabFSPc1993 a756 p.c21 cm aEdizioni paolinevI aIndice Generale Presentazione Introduzione Chi è Maestra tecla Magistero di Maestra Tecla Iter della presente pubblicazione Contenuti Criteri seguiti per la pubblicazione Segni diacritici - sigle Testi Manoscritto Quadro delle fonti Indici Indice analitico Indice delle citazioni bibliche Indice delle citazioni delle Costituzioni Indice dei nomi di persona indice dei nomi di luogo Indice generale